<?xml version="1.0" encoding="UTF-8"?><?xml-stylesheet type="text/xsl" href="static/style.xsl"?><OAI-PMH xmlns="http://www.openarchives.org/OAI/2.0/" xmlns:xsi="http://www.w3.org/2001/XMLSchema-instance" xsi:schemaLocation="http://www.openarchives.org/OAI/2.0/ http://www.openarchives.org/OAI/2.0/OAI-PMH.xsd"><responseDate>2026-04-14T08:40:25Z</responseDate><request verb="GetRecord" identifier="oai:www.recercat.cat:10256/12419" metadataPrefix="marc">https://recercat.cat/oai/request</request><GetRecord><record><header><identifier>oai:recercat.cat:10256/12419</identifier><datestamp>2025-05-01T18:01:57Z</datestamp><setSpec>com_2072_452955</setSpec><setSpec>com_2072_2054</setSpec><setSpec>col_2072_452959</setSpec><setSpec>col_2072_453080</setSpec></header><metadata><record xmlns="http://www.loc.gov/MARC21/slim" xmlns:dcterms="http://purl.org/dc/terms/" xmlns:xsi="http://www.w3.org/2001/XMLSchema-instance" xmlns:doc="http://www.lyncode.com/xoai" xsi:schemaLocation="http://www.loc.gov/MARC21/slim http://www.loc.gov/standards/marcxml/schema/MARC21slim.xsd">
   <leader>00925njm 22002777a 4500</leader>
   <datafield ind2=" " ind1=" " tag="042">
      <subfield code="a">dc</subfield>
   </datafield>
   <datafield ind2=" " ind1=" " tag="720">
      <subfield code="a">Alcaraz Cazorla, Carles</subfield>
      <subfield code="e">author</subfield>
   </datafield>
   <datafield ind2=" " ind1=" " tag="720">
      <subfield code="a">Pou i Rovira, Quim</subfield>
      <subfield code="e">author</subfield>
   </datafield>
   <datafield ind2=" " ind1=" " tag="720">
      <subfield code="a">García-Berthou, Emili</subfield>
      <subfield code="e">author</subfield>
   </datafield>
   <datafield ind2=" " ind1=" " tag="260">
      <subfield code="c">info:eu-repo/date/embargoEnd/2026-01-01</subfield>
   </datafield>
   <datafield ind2=" " ind1=" " tag="260">
      <subfield code="c">2008</subfield>
   </datafield>
   <datafield ind2=" " ind1=" " tag="520">
      <subfield code="a">We report the first data on the use of occasionally inundated habitats in a Mediterranean coastal lagoon by the Spanish toothcarp (Aphanius iberus), a cyprinodontid fish in danger of extinction. During a flooding period, we sampled the fish population and the macroinvertebrate community in three contrasting habitats: mats of green algae, open water, and a habitat dominated by glasswort (Salicornia patula) that is occasionally inundated. The three habitats displayed strong variation in density and species composition of invertebrates in the water column and the benthos. In general, algal mats had higher invertebrate biomasses, but glasswort had higher diversity of organisms, in part of terrestrial origin. The density of toothcarp was very low in the open water. The habitat that is occasionally inundated (glasswort) significantly had the highest density of mature toothcarp, while immature fish were similarly abundant in the glasswort and algal mat habitats. Condition (weight-length relationship) and total food biomass in the gut contents of immature toothcarp was significantly higher in algal mats than in glasswort, whereas there were no such differences for mature fish. Therefore, the occasionally flooded habitat (glasswort) was positively selected by large mature toothcarp but seemed a disadvantageous habitat for immature individuals</subfield>
   </datafield>
   <datafield ind2=" " ind1=" " tag="520">
      <subfield code="a">Financial support was provided by the Spanish Ministry of Science and Technology (REN2003-00477), the Government of Catalonia (Catalan Government Distinction Award for university research 2004 to EGB) and a LIFE-Nature project (LIFE 99 NAT/E/00 6386)</subfield>
   </datafield>
   <datafield tag="653" ind2=" " ind1=" ">
      <subfield code="a">Cipriniformes</subfield>
   </datafield>
   <datafield tag="653" ind2=" " ind1=" ">
      <subfield code="a">Cypriniformes</subfield>
   </datafield>
   <datafield tag="653" ind2=" " ind1=" ">
      <subfield code="a">Fartet</subfield>
   </datafield>
   <datafield tag="653" ind2=" " ind1=" ">
      <subfield code="a">Spanish toothcarp</subfield>
   </datafield>
   <datafield tag="653" ind2=" " ind1=" ">
      <subfield code="a">Espècies amenaçades</subfield>
   </datafield>
   <datafield tag="653" ind2=" " ind1=" ">
      <subfield code="a">Endangered species</subfield>
   </datafield>
   <datafield ind2="0" ind1="0" tag="245">
      <subfield code="a">Use of a flooded salt marsh habitat by an endangered cyprinodontid fish (Aphanius iberus)</subfield>
   </datafield>
</record></metadata></record></GetRecord></OAI-PMH>